Faculty of Law Library — Cairo University

Official Online Catalog

قيود وأوصاف ونصوص وعقوبات التشريعات الجنائية الخاصة المعدلة وقانون العقوبات المعدل : (Record no. 45278)

MARC details
000 -LEADER
fixed length control field 01499nam a2200313 i 4500
003 - CONTROL NUMBER IDENTIFIER
control field EG-GICUC
005 - DATE AND TIME OF LATEST TRANSACTION
control field 20260121101331.0
008 - FIXED-LENGTH DATA ELEMENTS--GENERAL INFORMATION
fixed length control field 251122k19801981ua ||||fr|||| 001 0 ara d
040 ## - CATALOGING SOURCE
Original cataloging agency EG-GICUC
Language of cataloging ara
Transcribing agency EG-GICUC
Modifying agency EG-GICUC
Description conventions rda
041 ## - LANGUAGE CODE
Language code of text/sound track or separate title ara
082 04 - DEWEY DECIMAL CLASSIFICATION NUMBER
Classification number 343.4
Item number أ ن . ق
Edition number 21
092 04 - LOCALLY ASSIGNED DEWEY CALL NUMBER (OCLC)
Edition number 21
099 ## - LOCAL FREE-TEXT CALL NUMBER (OCLC)
Classification number Law1 10 343.4 أ ن . ق 3 ed - 1981 1006874
100 0# - MAIN ENTRY--PERSONAL NAME
Personal name أنور العمروسي.
Relator term مؤلف.
245 10 - TITLE STATEMENT
Title قيود وأوصاف ونصوص وعقوبات التشريعات الجنائية الخاصة المعدلة وقانون العقوبات المعدل :
Remainder of title القوانين والقرارات واللوائح الجنائية وفقا لآخر التعديلات بالقيود والأوصاف وأحكام النقض الحديثة على طريقة هجائية (ابجدية) بفهارس تفصيلية.
Number of part/section of a work المجلد الأول /
Statement of responsibility, etc. أنور العمروسي.
250 ## - EDITION STATEMENT
Edition statement الطبعة الثالثة،
264 #1 - PRODUCTION, PUBLICATION, DISTRIBUTION, MANUFACTURE, AND COPYRIGHT NOTICE
Place of production, publication, distribution, manufacture القاهرة :
Name of producer, publisher, distributor, manufacturer نادي القضاة،
Date of production, publication, distribution, manufacture, or copyright notice 1981.
300 ## - PHYSICAL DESCRIPTION
Extent 800 صفحة ؛
Dimensions 24 سم.
336 ## - CONTENT TYPE
Source rda content
Content type term text
337 ## - MEDIA TYPE
Source rda media
Media type term Computer
338 ## - CARRIER TYPE
Source rda carrier
Carrier type term Online Resource
504 ## - BIBLIOGRAPHY, ETC. NOTE
Bibliography, etc. note يشتمل على ارجاعات ببليوجرافية.
546 ## - LANGUAGE NOTE
Language note النص باللغة العربية
650 1# - SUBJECT ADDED ENTRY--TOPICAL TERM
Topical term or geographic name entry element التشريعات الجنائية الخاصة.
Source of heading or term qrmak
651 1# - SUBJECT ADDED ENTRY--GEOGRAPHIC NAME
Source of heading or term qrmak
856 40 - ELECTRONIC LOCATION AND ACCESS
Uniform Resource Identifier <a href="https://fll.law.cu.edu.eg/fulltext/bks/B10-06874.pdf">https://fll.law.cu.edu.eg/fulltext/bks/B10-06874.pdf</a>
905 ## - Cataloger and Reviser Names
Cataloger Name: Ramy
942 ## - ADDED ENTRY ELEMENTS (KOHA)
Source of classification or shelving scheme Dewey Decimal Classification
Suppress in OPAC No
Koha item type Books
Edition 21
Holdings
Withdrawn status Lost status Source of classification or shelving scheme Damaged status Not for loan Collection Home library Current library Date acquired Total checkouts Full call number Barcode Date last seen Copy number Price effective from Koha item type
    Dewey Decimal Classification Damaged Not for loan القانون الجنائي جــــامعة القــاهرة مكتبة كلية الحقوق - المبنى الرئيسي 22.11.2025   Law1 10 343.4 أ ن . ق 3 ed - 1981 1006874 V1, C1 B10-06874 22.11.2025 1 22.11.2025 Books
    Dewey Decimal Classification     القانون الجنائي جــــامعة القــاهرة مكتبة كلية الحقوق - المبنى الرئيسي 23.11.2025   Law1 10 343.4 أ ن . ق 3 ed - 1981 1006924 V1, C2 B10-06924 23.11.2025 2 23.11.2025 Books
    Dewey Decimal Classification     القانون الجنائي جــــامعة القــاهرة مكتبة كلية الحقوق - فـرع الشيخ زايد 23.11.2025   Law2 10 343.4 أ ن . ق 3 ed - 1981 1006925 V1, C3 B10-06925 23.11.2025 3 23.11.2025 Books

© All rights reserved — Faculty of Law, Cairo University